00897nam a2200241Ia 4500952010200000999001700102008004100119020001500160050001500175100002300190245004600213260003800259300003600297336001000333337001400343338001200357500003500369505010000404519008900504650003300593650002200626942000700648 00104070a03b03d2001-05-15l1oZ253 C37p03 000987r2013-01-30s2013-01-30t1w2012-07-20yLB c78992d78992120720s si a 000 0 spa d a2880464145 aZ253 bC37 aCarter, Robeautor aDiseñando con tipografiac / Rob Carter aSingapurb : Rotovisiónc, 199- a159 páginasb : Ilustraciones atexto asin medio avolumen aIncluye: índice (pp.156-157) aIntroducción Nociones fundamentales Directorio de diseñadores Proveedores de tipografía  aPlan Flexible /bDiseño Gráfico / cTipografía Básica (B01-3) /d(03 000987)10aIMPRENTAvMANUALES DE ESTILO20aIMPRENTAxTRAZADO cLB